01591nam a22002657a 4500003000900000008004100009040007100050082002400121110007400145245010800219260003200327300004600359440007400405505059600479650002701075650001001102650001201112650001501124650002201139700001901161700002901180700002901209700003201238710005501270AR-CdUCM190425b ||||| |||| 00| 0 spa d aMUNICIPALIDAD PROVINCIAL DEL CUSCOcBIBLIOTECA MUNICIPAL DEL CUSCO aRev.DIMA/N°22/1970 aInstituto y Museo Arqueológico de la Universidad Nacional del Cuzco aRevista del Museo e Instituto Arqueológico /cLuis A. Pardo, director, Universidad Nacional del Cuzco aCusco :bH.G. Rozas,c1970. a284 páginas. :bilustraciones ;c21 cm. aRevista del Museo e Instituto Arqueológico.nAño XV, 1970. N°22. aContenido: Un caso de trepanación craneana en vivo realizado con instrumentos pre colombinos del Museo Arqueológico. Sergio A. Quevedo. -- La guerra de los Quechuas con los Chancas. Luis A. Pardo. -- Buscando lo peruano. Alfredo Yépez Miranda. -- La leyenda del Coropuna. Víctor Pérez . Crónica de la donación hecha por el Señor Orihuela Yábar a la Universidad Nacional del Cuzco. -- Discurso pronunciado. Luis A. Pardo, José Orihuela, Horacio Villanueva. -- Inventario de los vasos de madera o Queros de la colección José Orihuela Yábar. Manuel Chávez Ballón. aTrepanación craneana aInkas aChankas aPikillaqta aPatrimonio mueble aPardo, Luis A. aYépez Miranda, Alfredo aOrihuela Yávar, José aVillanueva Urteaga, Horacio aUniversidad Nacional de San Antonio Abad del Cusco